000 00769nam a22002057a 4500
999 _c7650
_d7650
003 AR-CdUCM
008 190321b ||||| |||| 00| 0 spa d
040 _aMUNICIPALIDAD PROVINCIAL DEL CUSCO
_cBIBLIOTECA MUNICIPAL DEL CUSCO
082 _a551.5 /
_bH71
100 _aHolmes, David C
_921607
245 _aLa atmósfera mar sin playas /
260 _aMexico :
_bLimusa,
_c1966.
300 _a237 paginas ;
_c19 cm.
505 _aContenido :El ultimo océano inexplorado -- La majestuosa bóveda de aire -- El horno atómico -- Islas en el firmamento -- Lineas de combate en el cielo ...
650 _aMeteorología
_921608
650 _aObras de divulgación
_99644
700 _aÁlvarez, Luisa María (traductora)
_921609
942 _2ddc
_cLIBROS
945 _arum